Представление документа в формате RUSMARC

ПолеНазваниеЗначение
  Тип записи k
  Библиографический уровень m
001 Контрольный номер RU/SLIB/B/208723183
005 Дата корректировки 20201206203953.4
010 Индекс ISBN __
a ISBN 985-438-580-9
d Цена 28-50
101 Язык документа __
a Язык текста rus
c Язык оригинала eng
200 Заглавие и сведения об ответственности 0_
a Заглавие Рисуем 50 библейских персонажей
f Первые сведения об ответственности Л. Д. Эймис, А. Леблан ; пер. с англ. А. Ф. Зиновьев
b Общее обозначение материала Изоматериал
210 Выходные данные __
a Место издания Минск
c Издательство Попурри
d Дата издания 2001
215 Физическое описание __
a Объем 56 с.
c Иллюстрации/тип воспроизводства ил.
330 Аннотация __
a Аннотация Содержит пошаговые инструкции для практического рисования лиц и фигур персонажей библейских книг Ветхого и Нового Заветов - от Адама до Святого Апостола Иоанна.
606 Тематические рубрики __
a Основная рубрика Виды и жанры графики
a Основная рубрика Изобразительное искусство и архитектура
610 Ключевые слова __
a Ключевые слова изобразительное искусство; рисунок; лица; фигуры; фигура человека; черно-белая графика; библейские персонажи; рисунок
686 Индексы других классификаций __
a Классификационный индекс 85.154.7я7
700 Автор _1
a Фамилия Эймис
b Имя Л. Д.
4 Код отношения 070
702 Вторичная интеллектуальная ответственность _1
a Фамилия Леблан
b Имя А.
4 Код отношения Автор
4 Код отношения 070
702 Вторичная интеллектуальная ответственность _1
a Фамилия Зиновьев
b Имя А. Ф.
4 Код отношения Переводчик
4 Код отношения 730
801 Источник записи _0
a Страна RU
b Организация Муниципальное бюджетное учреждение культуры "Централизованная библиотечная система" г. Сургут (Центральная городская библиотека им. А. С. Пушкина)
g Правила каталогизации КиК/Тесленко
801 Источник записи _1
a Страна RU
b Организация Муниципальное бюджетное учреждение культуры "Централизованная библиотечная система" г. Сургут (Центральная городская библиотека им. А. С. Пушкина)
g Правила каталогизации КиК/Тесленко
852 Данные о местонахождении __
j Шифр хранения 85.154.7я7
c Каталожный индекс 85.15я7
i Авторский знак Э 32
p Инвентарный номер Б/Н
901 Тип документа 1_
t Тип документа m
903 Характеристики (МАРС) __
a Дата передачи 20020211
990 Данные о заказе (DOS) __
h N записи в КСУ для Б/У (DOS) 200202
j Количество экземпляров (DOS) 3